Classifica Formula 1 2020 - Statistics

Statistiche generali
  • Questo quiz è stato fatto 647 volte
  • Il punteggio medio è 19 su 23
Statistiche sulle risposte
Posizione Pilota Scuderia Punti Nazionalità % Corretto
1 Lewis Hamilton Mercedes 347 ENG
100%
8 Charles Leclerc Ferrari 98 MON
99%
3 Max Verstappen Red Bull 214 NED
99%
2 Valtteri Bottas Mercedes 223 FIN
99%
6 Carlos Sainz Jr. McLaren 105 SPA
98%
13 Sebastian Vettel Ferrari 33 GER
98%
4 Sergio Perez Racing Point 125 MEX
97%
5 Daniel Ricciardo Renault 119 AUS
96%
9 Lando Norris McLaren 97 ENG
96%
10 Pierre Gasly Alpha Tauri 75 FRA
95%
7 Alexander Albon Red Bull 105 THA
91%
11 Lance Stroll Racing Point 75 CAN
91%
17 Antonio Giovinazzi Alfa Romeo 4 ITA
90%
16 Kimi Raikkonen Alfa Romeo 4 FIN
90%
12 Esteban Ocon Renault 62 FRA
89%
18 George Russel Williams 3 ENG
86%
20 Kevin Magnussen Haas 1 DEN
82%
21 Nicholas Latifi Williams 0 CAN
81%
15 Nicolas Hülkenberg Racing Point 10 GER
71%
19 Romain Grosjean Haas 2 FRA
68%
23 Pietro Fittipaldi Haas 0 BRA
50%
14 Daniil Kvjat Alpha Tauri 32 RUS
34%
22 Jack Aitken Williams 0 KOR
29%
Nessun quiz corrispondente trovato
Distribuzione punteggi
Percentuale di utenti per punteggio
Percentile per numero di risposta
I tuoi punteggi nel tempo
Non hai fatto questo quiz